BIBLIOTECA

SENCICO

Problemas resueltos de topografía / (Registro nro. 500)

Detalles MARC
000 -LEADER
fixed length control field 01369nam a2200289Ia 4500
003 - CONTROL NUMBER IDENTIFIER
control field PE SENCICO BE
005 - DATE AND TIME OF LATEST TRANSACTION
control field 20251020182439.0
008 - FIXED-LENGTH DATA ELEMENTS--GENERAL INFORMATION
fixed length control field 200515s9999 xx 000 0 und d
020 ## - INTERNATIONAL STANDARD BOOK NUMBER
International Standard Book Number 978-84-7800-463-8
040 ## - CATALOGING SOURCE
Original cataloging agency PE SENCICO BE
Transcribing agency PE SENCICO BE
041 ## - LANGUAGE CODE
Language code of text/sound track or separate title spa
082 ## - DEWEY DECIMAL CLASSIFICATION NUMBER
Classification number 526.9
Item number P
245 10 - TITLE STATEMENT
Title Problemas resueltos de topografía /
Statement of responsibility, etc. Mercedes Delgado Pascual, José Francisco Charfolé de Juan, Jesús Martín Gómez, Gabriel Santos Delgado
250 ## - EDITION STATEMENT
Edition statement 2a ed.
260 ## - PUBLICATION, DISTRIBUTION, ETC.
Place of publication, distribution, etc. Salamanca :
Name of publisher, distributor, etc. Ediciones Universidad Salamanca,
Date of publication, distribution, etc. 2000
300 ## - PHYSICAL DESCRIPTION
Extent 218 páginas :
Other physical details tablas, gráficos;
Dimensions 24 cm.
490 ## - SERIES STATEMENT
Series statement Manuales universitarios ;
Volume/sequential designation 71
505 0# - FORMATTED CONTENTS NOTE
Formatted contents note La escala en el mapa -- La tierra como esfera: elementos geográficos -- Topografía elemental -- Taquimetría -- Métodos topográficos -- Topografía de obras
520 3# - SUMMARY, ETC.
Summary, etc. Se exponen los problemas resueltos, explicando el planteamiento y los pasos a seguir en la resolución. Finalmente se presentan algunos problemas, sin resolver, que servirán de refuerzo y autoevaluación para el alumno
650 10 - SUBJECT ADDED ENTRY--TOPICAL TERM
Topical term or geographic name entry element Topografía
9 (RLIN) 4
650 20 - SUBJECT ADDED ENTRY--TOPICAL TERM
Topical term or geographic name entry element Taquigrafía
9 (RLIN) 2187
650 20 - SUBJECT ADDED ENTRY--TOPICAL TERM
Topical term or geographic name entry element Coordenadas geográficas
9 (RLIN) 3227
700 1# - ADDED ENTRY--PERSONAL NAME
9 (RLIN) 3253
Personal name Delgado Pascual, Mercedes
Relator term autor
700 1# - ADDED ENTRY--PERSONAL NAME
9 (RLIN) 3254
Personal name Charlofé de Juan, José Francisco
Relator term autor
700 1# - ADDED ENTRY--PERSONAL NAME
9 (RLIN) 3255
Personal name Martín Gómez, Jesús
Relator term autor
942 ## - ADDED ENTRY ELEMENTS (KOHA)
Koha item type Libros
Source of classification or shelving scheme Dewey Decimal Classification
Existencias
Fecha de la última vez que lo usaron Número de ingreso o de inventario Pago total Signatura topográfica completa Código de barras Precio efectivo desde Tipo de documento Estado perdido Sistema de clasificación Estado dañado No es para préstamo Retirado Ubicación permanente Ubicación actual Fecha de adquisición
15/05/2020 15240   526.9/P BibLima25080011 15/05/2020 Libros   Dewey Decimal Classification       Biblioteca Central Lima Biblioteca Central Lima 15/05/2020